000 00714nam a2200253Ia 4500
003 OSt
005 20221005024330.0
006 a|||||r|||| 00| 0
007 ta
008 221004b |||||||| |||| 00| 0 eng d
024 _a52187
037 _cTextual
040 _aCRL
_cCRL
_beng
041 _2eng
_aeng
082 _aR3xM72x, M4
100 _aRussell Bertrand
245 0 _aTheory of knowledge
_b The 1913 manuscript Ed by Elizabeth Ramsden Eames
260 _aBoston
_bGeorge Allen and unwin
_c1984
300 _a258p
_ccm.
490 _aCollected papers of Bertrand; 7
650 _aPHILOSOPHY
942 _hR3xM72x, M4
_cTEXL
_2cc
999 _c932750
_d932750